• 首页
  • 本馆介绍
  • 公告通知
  • 最新文献
  • 馆藏检索
  • 电子资源
  • 读者导购
  • 参考咨询
  • 我的图书馆
  • 登录
  • 详细信息显示
  • 放入我的书架
  • 预约/预借图书
  • 作者相关作品
  • 分类相关作品
  • 丛书相关作品
  • 出版社相关作品

书目信息

  • 表格格式
  • 工作单格式
  • 卡片格式
题名:
行星运动的奥秘
    
 
作者: 李广宇 著
分册:  
出版信息: 北京   科学出版社  2018.01
页数: 173页
开本: 24cm
丛书名:
单 册:
中图分类: P134-49
科图分类:
主题词: 行星运动--普及读物
电子资源:
ISBN: 978-7-03-054668-5
000 00824nam0 2200229 450
001 5670
005 20181020114303.33
010    @a978-7-03-054668-5@dCNY69.00
100    @a20180412d2018 em y0chiy50 ea
101 0  @achi
102    @aCN@b110000
105    @aa z 000yy
200 1  @a行星运动的奥秘@9xing xing yun dong de ao mi@f李广宇著
210    @a北京@c科学出版社@d2018.01
215    @a173页@c图@d24cm
300    @a国家自然科学基金 机械强度和振动国家重点实验室资助出版
330    @a本书以托勒密、开普勒和牛顿三位大家对天文学的开拓工作为主线,阐释了科学研究从观测、探索到构建严格理论体系的发展规律,还特别强调了观测和观测数据所起的决定作用。
606 0  @a行星运动@j普及读物
690    @aP134-49@v5
701  0 @a李广宇@9li guang yu@f(1945.8-)@4著
801  0 @aCN@b91MARC@c20180412
905    @aMuseLib@dP134-49@e290
    
    行星运动的奥秘/李广宇著.-北京:科学出版社,2018.01
    173页:图;24cm
    国家自然科学基金 机械强度和振动国家重点实验室资助出版
    
    ISBN 978-7-03-054668-5:CNY69.00
    本书以托勒密、开普勒和牛顿三位大家对天文学的开拓工作为主线,阐释了科学研究从观测、探索到构建严格理论体系的发展规律,还特别强调了观测和观测数据所起的决定作用。
●
相关链接 在E读中查询图书 在五车中查询图书 在当当中查询图书 在豆瓣中查询图书


正题名:行星运动的奥秘     索取号:P134-49/290         预约/预借

序号 登录号 条形码 馆藏地/架位号 状态 备注
1 1130751   211307511   第二样本阅览室/ [索取号:P134-49/290] 在馆    
2 1130752   211307520   密集书库-生命科学系/ [索取号:P134-49/290] 在馆    
3 1130753   211307539   第三借阅区/ [索取号:P134-49/290] 在馆    
4 1130754   211307548   第三借阅区/ [索取号:P134-49/290] 在馆    
5 1130755   211307557   第三借阅区/ [索取号:P134-49/290] 在馆    
唐山师范学院图书馆 欢迎您!
大连网信软件有限公司© 版权所有